LEADER 01233nam a2200229 i 4500 001 000000194487 003 CaOOAMICUS 005 20161212000000.0 008 161212s1844 it u000 u ita u 013 $a173145 040 $aSeMil$bita 100 1 $aSonnleithner, Ignaz : von,$d<1770-1831>.$0(OLS)http://semarc/name/70667 245 13$aLa scienza del commercio :$bad uso dell'I. R. Istituto Politecnico di Vienna /$cdi Ignazio Sonnleithner ; versione accompagnata da note del ragioniere Francesco Viganò ; preceduta dal discorso proninciato al principio delle sue lezioni seguita da uno schizzo sulla storia dell'economia politica in Italia sino ai giorni nostri e da un quadro .. 260 $aMilano :$bPaolo Andrea Molina,$c1844. 300 $aXLVIII, 366 p. ;$c21 cm. 700 1 $aViganò, Francesco,$d<1807-1891>.$0(OLS)http://semarc/name/70668 850 $aSeMil 852 $aSeMil$W1$xVenegono$y1$m3N III 6 FA$j145061$B145061$CSeMilBibl$Z2$F215079 $8I 941 1 $a10 961 $aRecupero: Mantegazza 996 $6245$aLa scienza del commercio :$bad uso dell'I. R. Istituto Politecnico di Vienna$9(OLS)http://semarc/title/280436 996 $6260$aMilano :$bPaolo Andrea Molina$9(OLS)http://semarc/publisher/36305 LEADER 01137nam a2200289 4500 001 000000367453 003 CaOOAMICUS 005 20260427143545.0 008 260427s2026 it 000 u ita r 020 $a978-88-929875-5-5 040 $aSeMil$bita 100 1 $aPirola, Alessandro.$0(OLS)http://semarc/name/65384 245 10$aCurare è un'opera buona per tutti /$cAlessandro Pirola ; prefazione di Giorgio Vittadini. 264 1$aMilano :$bAres,$c2026. 300 $a125 p. ;$c17 cm 490 1 $aFuochi 650 4$aCura - Aspetti etici.$0(OLS)http://semarc/subject/45324 700 1 $aVittadini, Giorgio.$0(OLS)http://semarc/name/44532 830 0$aFuochi.$0(OLS)http://semarc/title/6314 850 $aSeMil 852 $aSeMil$W1$xVenegono$y1$m2C I 827$j271046$B258150$CSeMilBibl$Z2$F258150 $81 941 1 $a7 961 $aOmaggio mons. Mario Delpini 996 $6020$a978-88-929875-5-5$9(OLS)http://semarc/number/305746 996 $6245$aCurare è un'opera buona per tutti$9(OLS)http://semarc/title/459391 996 $6264$aMilano :$bAres$9(OLS)http://semarc/publisher/30250